The Seinfeld Quiz #I - Statistics

General Stats
  • This quiz has been taken 64 times
  • The average score is 6 of 10
Answer Stats
Hint Answer % Correct
What's making Kramer thirsty? pretzels
94%
Who was the first who was not "master of their domain" Kramer
92%
What was the sea that day? Angry
83%
How do you skip the best part of a conversation? (you _ -_ it) yada-yada
74%
What did George's gym teacher call him? Cantstandya
53%
Bania thought it was _(It's _, Jerry! _) Gold
42%
Who has something that is "real and spectacular" Sidra
42%
Who did this occur to? Frank Costanza
30%
What was the shot with fusilli Jerry?(_ _ _ shot, doc, _ _ _) million to one
28%
Why was the Drake's wedding off? the Super Bowl
15%
No matching quizzes found
Score Distribution
Percent of People with Each Score
Percentile by Number Answered
Your Score History
You have not taken this quiz